|
|
|
|
| LEADER |
02528nam a2200649 i 4500 |
| 001 |
nkc20172952877 |
| 003 |
CZ PrNK |
| 005 |
20171127140751.0 |
| 007 |
ta |
| 008 |
171103s2017 xr f 001 0 cze |
| 015 |
|
|
|a cnb002952877
|
| 020 |
|
|
|a 978-80-7552-840-7
|q (brožováno)
|
| 035 |
|
|
|a (OCoLC)1015187047
|
| 040 |
|
|
|a OLA001
|b cze
|d ABA001
|e rda
|
| 041 |
0 |
|
|a cze
|b eng
|
| 043 |
|
|
|a e-xr---
|a e------
|
| 072 |
|
7 |
|a 347.7
|x Obchodní právo. Finanční právo. Právo průmyslového vlastnictví. Patentové právo. Autorské právo
|2 Konspekt
|9 16
|
| 080 |
|
|
|a 347.725
|2 MRF
|
| 080 |
|
|
|a 347.72
|2 MRF
|
| 080 |
|
|
|a 347.72.036
|2 MRF
|
| 080 |
|
|
|a 331.2
|2 MRF
|
| 080 |
|
|
|a (437.3)
|2 MRF
|
| 080 |
|
|
|a (4)
|2 MRF
|
| 080 |
|
|
|a (048.8:082)
|2 MRF
|
| 100 |
1 |
|
|a Hurychová, Klára
|7 jo2015859730
|4 aut
|
| 245 |
1 |
0 |
|a Odměňování exekutivy akciových společností /
|c Klára Hurychová, Ondřej Trubač, Michal Vrajík
|
| 250 |
|
|
|a Vydání první
|
| 264 |
|
1 |
|a Praha :
|b Wolters Kluwer,
|c 2017
|
| 300 |
|
|
|a xvii, 339 stran ;
|c 21 cm
|
| 336 |
|
|
|a text
|b txt
|2 rdacontent
|
| 337 |
|
|
|a bez média
|b n
|2 rdamedia
|
| 338 |
|
|
|a svazek
|b nc
|2 rdacarrier
|
| 490 |
1 |
|
|a Právní monografie
|
| 500 |
|
|
|a Kniha je dostupná také v systému ASPI a v elektronické podobě
|
| 504 |
|
|
|a Obsahuje bibliografii, bibliografické odkazy a rejstřík
|
| 546 |
|
|
|a Anglické resumé
|
| 650 |
0 |
7 |
|a akciové společnosti
|7 ph114012
|z Česko
|2 czenas
|
| 650 |
0 |
7 |
|a akciové společnosti
|7 ph114012
|z Evropa
|2 czenas
|
| 650 |
0 |
7 |
|a řízení a správa společností
|7 ph182334
|2 czenas
|
| 650 |
0 |
7 |
|a statutární orgány společností
|7 ph196655
|2 czenas
|
| 650 |
0 |
7 |
|a odměňování
|7 ph123693
|2 czenas
|
| 650 |
0 |
9 |
|a corporate governance
|z Czechia
|2 eczenas
|
| 650 |
0 |
9 |
|a corporate governance
|z Europe
|2 eczenas
|
| 650 |
0 |
9 |
|a corporate governance
|2 eczenas
|
| 650 |
0 |
9 |
|a statutory authorities
|2 eczenas
|
| 650 |
0 |
9 |
|a compensation
|2 eczenas
|
| 655 |
|
7 |
|a kolektivní monografie
|7 fd501537
|2 czenas
|
| 655 |
|
9 |
|a collective monographs
|2 eczenas
|
| 700 |
1 |
|
|a Trubač, Ondřej
|7 mzk2007377648
|4 aut
|
| 700 |
1 |
|
|a Vrajík, Michal,
|d 1986-
|7 jcu2013741367
|4 aut
|
| 830 |
|
0 |
|a Právní monografie (Wolters Kluwer ČR)
|0 s
|
| 910 |
2 |
|
|a BOA001
|b 2-1396.923
|
| 990 |
|
|
|a BK
|
| 995 |
|
|
|a 01
|
| 991 |
|
|
|b 201711
|c NOV
|
| 996 |
6 |
|
|b 2610724981
|c 2-1396.923
|l MZK
|r Sklad / do 1 hodiny
|n 1
|p p.v.
|w 001638187
|u 000010
|a 1
|e BOA001
|j MZK50
|s P
|
| 996 |
7 |
|
|b 2610725904
|c 2-1396.923
|l MZK
|r Sklad / do 1 hodiny
|n 2
|p kup
|w 001638187
|u 000020
|a 1
|e BOA001
|j MZK50
|s A
|